00750 2200157 4500245003000000250001100030100001200041650001600053005001900069260002800088041001400116084000800130300001500138500043000153336000900583 aWarm HeartcUliannehText aCet. 1 aUlianne aNovel Fiksi a20231010110533 aJakartabGrasindoc2018 aIndonesia a813 a140 hlm. : aDua insa manusia harus terjebak dalam dilema cinta yang memaksa salah satu dari mereka pergi menjauh. Setelah menghilang selama lima tahun, Clara kembali masuk ke dalam kehidupan Andre, pria yang dicintainya dalam ikatan pertunangan yang orangtua mereka buat. Namun sayangnya Andre yang dikenalnya kini bukanlah andre yang sama dengan yang dikenalnya lima tahun yang laly. Dapatkah Clara mendapatkan cinta pertamanya kembali? atext